| 000 | 00446cam a2200169ua 4500 | ||
|---|---|---|---|
| 041 |
_aeng _h |
||
| 082 |
_a028.7392 _bBRO/DI |
||
| 100 | _aBrowning, D C . | ||
| 245 | 0 | 0 |
_aDictionary of literary biography: English & American / _cD C Browning. _hTextual Documents |
| 250 |
_a3 / _b. |
||
| 260 |
_aLondon : _bJ M Dent and Sons Ltd , _c1965. |
||
| 300 | _a769 ; . | ||
| 504 | _a | ||
| 942 | _cBK | ||
| 999 |
_c10836 _d10836 |
||